El diseño de un plan de formación como estrategia de desarrollo empresarial : estructura, instrumentos y técnicas /

Bibliographic Details
Main Author: Fernádez-Salinero Miguel, Carolina
Format: Libro
Language:English

MARC

LEADER 00000cam a2200000 a 4500
001 040095
003 UAHC_CL
005 20170803124423.0
008 060714b xx j 000 1 eng
040 |a UAHC_CL  |c UAHC_CL  |d UAHC_CL 
100 1 |a Fernádez-Salinero Miguel, Carolina 
245 1 3 |a El diseño de un plan de formación como estrategia de desarrollo empresarial :  |b estructura, instrumentos y técnicas /  |c Carolina Fernández-Salinero. 
500 |a Revista Complutense de Educación. --Vol. 10, Nº1 (1999) pp. 181-242. 
900 |a REV. COMPLUT. EDUC.-01/99 
942 |c BK 
999 |c 40095  |d 40095